书目信息 |
| 题名: |
当代西方翻译理论选读
|
|
| 作者: | 马会娟 , 苗菊 编著 | |
| 分册: | ||
| 出版信息: | 北京 外语教学与研究出版社 2010.11 |
|
| 页数: | 382页 | |
| 开本: | 23X15cm | |
| 丛书名: | 高等学校英语专业系列教材 | |
| 单 册: | ||
| 中图分类: | H059 | |
| 科图分类: | ||
| 主题词: | 翻译理论--fan yi li lun--西方国家--高等学校--教材 | |
| 电子资源: | ||
| ISBN: | 978-7-5600-8576-0 | |
| 000 | 01198nam 2200289 450 | |
| 001 | xj0000001664 | |
| 005 | 20110715084657.89 | |
| 010 | @a978-7-5600-8576-0@dCNY38.90 | |
| 100 | @a20090706d2010 em y0chiy50 ea | |
| 101 | 0 | @achi@aeng |
| 102 | @aCN@b110000 | |
| 105 | @aa z 000yy | |
| 106 | @ar | |
| 200 | 1 | @a当代西方翻译理论选读@Adang dai xi fang fan yi li lun xuan du@d= Selected readings of contemporary western translation theories@f马会娟,苗菊编著@zeng |
| 210 | @a北京@c外语教学与研究出版社@d2010.11 | |
| 215 | @a382页@d23X15cm | |
| 225 | 2 | @a高等学校英语专业系列教材@Agao deng xue xiao ying yu zhuan ye xi lie jiao cai |
| 330 | @a本书精选了自20世纪60年代以来最具代表性和影响力的当代西方翻译理论著作,共计十六篇,分七个单元,依次是语言学派、功能学派、描写学派、文化学派、翻译的哲学取向派、认知学派以及翻译实证研究。 | |
| 410 | 0 | @12001 @a高等学校英语专业系列教材 |
| 510 | 1 | @aSelected readings of contemporary western translation theories@zeng |
| 586 | @a | |
| 606 | 0 | @a翻译理论@Afan yi li lun@y西方国家@x高等学校@j教材 |
| 690 | @aH059@v5 | |
| 701 | 0 | @a马会娟@Ama hui juan@4编著 |
| 701 | 0 | @a苗菊@Amiao ju@4编著 |
| 801 | 0 | @aCN@c20110610 |
| 905 | @dH059@eM061@f3 | |
| 当代西方翻译理论选读= Selected readings of contemporary western translation theories/马会娟,苗菊编著.-北京:外语教学与研究出版社,2010.11 |
| 382页;23X15cm.-(高等学校英语专业系列教材) |
| ISBN 978-7-5600-8576-0:CNY38.90 |
| 本书精选了自20世纪60年代以来最具代表性和影响力的当代西方翻译理论著作,共计十六篇,分七个单元,依次是语言学派、功能学派、描写学派、文化学派、翻译的哲学取向派、认知学派以及翻译实证研究。 |
| ● |
| 相关链接 |
|
|
|
正题名:当代西方翻译理论选读
索取号:H059/M061
 
预约/预借
| 序号 | 登录号 | 条形码 | 馆藏地/架位号 | 状态 | 备注 |
| 1 | 883783 | 208837838 | 语言库209/209语言库 67排3列4层/ [索取号:H059/M061] | 在馆 | |
| 2 | 883784 | 208837847 | 语言库209/209语言库 67排3列4层/ [索取号:H059/M061] | 在馆 | |
| 3 | 883785 | 208837856 | 语言库209/209语言库 67排3列4层/ [索取号:H059/M061] | 在馆 |